Star Wars Quiz #3 - Statistiken

Allgemein
  • Dieses Quiz wurde 2.610 mal gespielt
  • Das Durchschnittsergebnis liegt bei 8 aus 10
Antwortstatistiken
Frage Antwort % Korrekt
Was war „Order 66“ Der Befehl alle Jedi zu töten
97%
Welche Farbe hat Mace Windus Lichtschwert? Lila
97%
Wer hat Qui-Gon Jinn getötet? Darth Maul
96%
Wer war der Vater von Kylo Ren? Han Solo
95%
Wem will Leia in Episode 4. einen Hilferuf senden? Obi-Wan Kenobi
91%
Was ist der echte Name des Mandalorianer? Din Djarin
85%
Wie heißt die Spezies welcher Yoda angehört? Sie ist unbekannt
79%
Welches Körperteil verliert Luke Skywalker im Kampf gegen Darth Vader? Rechte Hand
75%
Zwischen welchem Film spielt „The Mandalorian“ im Star Wars Univers? 6-7
71%
Womit entfachte Yoda das Feuer um die Baumbibliothek abzubrennen? Mit einem Machtblitz
57%
Keine übereinstimmenden Quizze gefunden
Verteilung der Resultate
Anzahl Personen mit jedem Resultat
Perzentil nach korrekt beantworteten Fragen
Ihre Resultats-Entwicklung
Sie haben dieses Quiz noch nicht gespielt